[Event "Vienna Husek op-B"]
[Site "Vienna"]
[Date "2012.08.19"]
[Round "7"]
[White "Suschitz, Christian"]
[Black "Sumiya, Chinguun"]
[Result "1-0"]
[WhiteElo "1681"]
[BlackElo "1600"]
[PlyCount "119"]
[EventDate "2012.08.13"]
[EventType "swiss"]
[EventRounds "7"]
[EventCountry "AUT"]
[SourceTitle "EXT 2014"]
[Source "ChessBase"]
[SourceDate "2013.11.20"]
[SourceVersion "1"]
[SourceVersionDate "2013.11.20"]
[SourceQuality "1"]

1. b3 e5 2. Bb2 Nc6 3. e3 d5 4. Bb5 Bd6 5. f4 f6 6. Nh3 e4 7. 0-0 Nge7 8. Nf2 0-0 9. c4 Be6 10. cxd5 Bxd5 11. Nc3 f5 12. Nxd5 Nxd5 13. Bxc6 bxc6 14. Qc2 c5 15. Rfc1 Kh8 16. Ba3 Nb4 17. Qc4 Rc8 18. Bb2 Be7 19. Bc3 Nd5 20. Be5 Nb6 21. Qc3 Rf7 22. Rd1 Nd5 23. Qa5 Bd6 24. Bxd6 cxd6 25. Qxd8+ Rxd8 26. Rdc1 Rg8 27. g3 g5 28. fxg5 Rxg5 29. Nh3 Rg8 30. Nf4 Nxf4 31. exf4 h5 32. Kf2 Rc8 33. Rc4 d5 34. Ra4 d4 35. Rc1 Rcc7 36. Rac4 Kg7 37. Rxc5 Rxc5 38. Rxc5 d3 39. b4 Kg6 40. Rc6+ Rf6 41. Rxf6+ Kxf6 42. a4 Ke6 43. Ke3 Kd5 44. h3 Kc4 45. b5 Kb4 46. g4 fxg4 47. hxg4 h4 48. Kxe4 h3 49. Kf3 h2 50. Kg2 h1Q+ 51. Kxh1 Kb3 52. g5 Kc2 53. g6 Kxd2 54. g7 Ke3 55. g8Q Kxf4 56. Qg1 d2 57. Qd1 Ke3 58. a5 Kd3 59. b6 axb6 60. axb6 1-0

[Event "Vienna Husek op-B"]
[Site "Vienna"]
[Date "2012.08.17"]
[Round "5"]
[White "Sumiya, Chinguun"]
[Black "Steiner, Magdalena"]
[Result "1/2-1/2"]
[WhiteElo "1600"]
[BlackElo "1557"]
[PlyCount "60"]
[EventDate "2012.08.13"]
[EventType "swiss"]
[EventRounds "7"]
[EventCountry "AUT"]
[SourceTitle "EXT 2014"]
[Source "ChessBase"]
[SourceDate "2013.11.20"]
[SourceVersion "1"]
[SourceVersionDate "2013.11.20"]
[SourceQuality "1"]

1. e4 d6 2. d4 Nf6 3. Nc3 g6 4. f4 Bg7 5. Nf3 0-0 6. Be3 c6 7. Bd3 b5 8. a3 Nbd7 9. 0-0 Ng4 10. Bd2 Qb6 11. Kh1 Bb7 12. h3 Ngf6 13. e5 Nd5 14. Nxd5 cxd5 15. Qe2 dxe5 16. Bxb5 Bc6 17. Bxc6 Qxc6 18. c3 e4 19. Ne5 Nxe5 20. fxe5 f6 21. exf6 exf6 22. Rac1 f5 23. Be3 Rfc8 24. Rc2 Qc4 25. Qxc4 Rxc4 26. b4 Rac8 27. Rfc1 a6 28. Kg1 Kf7 29. Kf2 Ke6 30. Ke2 Kd6 1/2-1/2

[Event "Vienna Husek op-B"]
[Site "Vienna"]
[Date "2012.08.16"]
[Round "4"]
[White "Gutierrez Bolado, Juan Antonio"]
[Black "Sumiya, Chinguun"]
[Result "1-0"]
[WhiteElo "1702"]
[BlackElo "1600"]
[PlyCount "37"]
[EventDate "2012.08.13"]
[EventType "swiss"]
[EventRounds "7"]
[EventCountry "AUT"]
[SourceTitle "EXT 2014"]
[Source "ChessBase"]
[SourceDate "2013.11.20"]
[SourceVersion "1"]
[SourceVersionDate "2013.11.20"]
[SourceQuality "1"]

1. e4 e5 2. Nf3 Nc6 3. Bc4 Bc5 4. c3 Nf6 5. d4 exd4 6. cxd4 Bb4+ 7. Nc3 Nxe4 8. 0-0 Bxc3 9. bxc3 d5 10. Bb5 Nxc3 11. Qe1+ Ne4 12. Bxc6+ bxc6 13. Ne5 Bd7 14. f3 Qe7 15. fxe4 f6 16. Nxd7 Kxd7 17. exd5 cxd5 18. Qxe7+ Kxe7 19. Ba3+ 1-0

[Event "Vienna Husek op-B"]
[Site "Vienna"]
[Date "2012.08.14"]
[Round "2"]
[White "Ruck, Helmut"]
[Black "Sumiya, Chinguun"]
[Result "1/2-1/2"]
[WhiteElo "1845"]
[BlackElo "1600"]
[PlyCount "102"]
[EventDate "2012.08.13"]
[EventType "swiss"]
[EventRounds "7"]
[EventCountry "AUT"]
[SourceTitle "EXT 2014"]
[Source "ChessBase"]
[SourceDate "2013.11.20"]
[SourceVersion "1"]
[SourceVersionDate "2013.11.20"]
[SourceQuality "1"]

1. b3 d5 2. Bb2 Nc6 3. e3 e5 4. Bb5 Bd6 5. f4 Bd7 6. Nf3 f6 7. fxe5 Nxe5 8. Bxd7+ Qxd7 9. Nxe5 Bxe5 10. Bxe5 fxe5 11. Qh5+ Qf7 12. Qxe5+ Kd7 13. Nc3 c6 14. Rf1 Qg6 15. 0-0-0 Nf6 16. Qf5+ Qxf5 17. Rxf5 Ke6 18. Rf3 Rhf8 19. Rdf1 Nd7 20. Ne2 c5 21. Nf4+ Kd6 22. Nh5 g6 23. Nf6 Nxf6 24. Rxf6+ Rxf6 25. Rxf6+ Ke7 26. Rf3 Rf8 27. Kd1 Rxf3 28. gxf3 Ke6 29. Ke2 Kf5 30. d3 g5 31. h3 h5 32. Kf2 d4 33. Ke2 g4 34. fxg4+ hxg4 35. hxg4+ Kxg4 36. e4 Kf4 37. Kd2 b5 38. a3 a5 39. Kc1 b4 40. a4 Kg4 41. Kd2 Kf4 42. Ke2 Kg4 43. Kf2 Kf4 44. Kg2 Kg4 45. Kh2 Kh4 46. e5 Kg5 47. e6 Kf6 48. e7 Kxe7 49. Kg3 Ke6 50. Kf4 Kf6 51. Ke4 Ke6 1/2-1/2